مبادئ القانون التجاري والبحري / (رقم التسجيلة. 81143)

تفاصيل مارك
000 -الفاتح
عناصر البيانات ثابتة الطول 00899cam a2200229 i 4500
005 - تاريخ ووقت آخر معاملة
حقل ضبط 20260126102547.0
008 - عناصر البيانات ثابتة الطول
عناصر البيانات ثابتة الطول 250721s2000 ua gr 000 0 ara d
082 14 - رقم تصنيف ديوي العشري
رقم التصنيف 346.07
رقم المادة ع ر ي
100 1# - مدخل رئيسي – اسم شخصي
الاسم الشخصي عريني، محمد فريد
علاقة الشخص بالعمل/ دوره مؤلف.
245 10 - بيان العنوان
العنوان مبادئ القانون التجاري والبحري /
بيان المسؤولية الدكتور محمد فريد العريني، الدكتور هاني دويدار.
264 31 - بيانات النشر، التوزيع…إلخ
مكان النشر، التوزيع...إلخ الإسكندرية :
اسم الناشر، الموزع...إلخ دار الجامعة الجديدة،
تاريخ النشر، التوزيع...إلخ 2000.
300 ## - الوصف المادي
عدد الوحدات المكونة للوعاء 691 صفحة.
650 17 - مدخل إضافي بالموضوع - مصطلح موضوعي
مصطلح موضوعي أو اسم جغرافي كعنصر مدخل القانون التجاري.
650 17 - مدخل إضافي بالموضوع - مصطلح موضوعي
مصطلح موضوعي أو اسم جغرافي كعنصر مدخل القانون البحري.
650 17 - مدخل إضافي بالموضوع - مصطلح موضوعي
مصطلح موضوعي أو اسم جغرافي كعنصر مدخل الشركات.
650 17 - مدخل إضافي بالموضوع - مصطلح موضوعي
مصطلح موضوعي أو اسم جغرافي كعنصر مدخل الكمبيالات.
650 17 - مدخل إضافي بالموضوع - مصطلح موضوعي
مصطلح موضوعي أو اسم جغرافي كعنصر مدخل التأمين البحري.
650 17 - مدخل إضافي بالموضوع - مصطلح موضوعي
مصطلح موضوعي أو اسم جغرافي كعنصر مدخل النقل البحري.
700 1# - مدخل إضافي - اسم شخصي
الاسم الشخصي دويدار، هاني
علاقة الشخص بالعمل/ دوره مؤلف مشارك.
942 ## - بيانات إضافية (كوها)
نوع التنصيف Dewey Decimal Classification
نوع المادة (كوها) كتب
المقتنيات
حالة السحب حالة الفقدان مصدر التصنيف حالة التلف غير قابل للإعارة المكتبة الرئيسية المكتبة الحالية موقع الرف تاريخ التزويد الرقم المتسلسل Total Checkouts رقم الإستدعاء الباركود تاريخ آخر ظهور تاريخ الفاتورة نوع المادة (كوها)
    Dewey Decimal Classification     المكتبة المركزية المكتبة المركزية الإعارة 28/07/2025 1628421   346.07 / ع ر ي PLD00394768 28/07/2025 28/07/2025 كتب
Implemented & Customized by: BBB with SCIT (Smart Chains for Information Technology)

Powered by Koha